Dogs - Statistics

General Stats
  • This quiz has been taken 529 times
  • The average score is 3 of 10
Answer Stats
Hint Answer % Correct
How many toes do dogs have on their hind feet? 4
77%
What's the smallest breed of dog? Chihuahua
61%
Most popular dog breed in the US labrador retriever
42%
Which canid did domesticated dogs descend from? wolves
39%
What's the tallest breed of dog? Irish wolfhound
30%
Toto was played by what breed of dog in the 1939 movie "The Wizard of Oz"? cairn terrier
20%
How long have dogs and humans shared a close relationship? (years) 15,000 years
2%
What can dogs use to tell what time it is? circadian oscillators
1%
Which spectrum of colors can dogs not perceive? green to red
1%
Which is not a sub-grouping of canids? North American canids
1%
No matching quizzes found
Score Distribution
Percent of People with Each Score
Percentile by Number Answered
Your Score History
You have not taken this quiz